| 000 | 01778nam a2200409 a 4500 | ||
|---|---|---|---|
| 001 | ebr10457066 | ||
| 003 | CaPaEBR | ||
| 006 | m u | ||
| 007 | cr cn||||||||| | ||
| 008 | 110124s2011 coua sb 001 0 eng d | ||
| 010 | _z 2011001965 | ||
| 020 | _z9781607320593 (hardcover : alk. paper) | ||
| 020 | _z9781607320616 (e-book) | ||
| 040 |
_aCaPaEBR _cCaPaEBR |
||
| 035 | _a(OCoLC)721877202 | ||
| 043 |
_an-mx--- _anc----- |
||
| 050 | 1 | 4 |
_aF1435 _b.C3165 2011eb |
| 082 | 0 | 4 |
_a972/.6 _222 |
| 245 | 0 | 4 |
_aThe Carnegie Maya III _h[electronic resource] : _bCarnegie Institution of Washington notes on Middle American archaeology and ethnology, 1940-1957 / _ccompiled and with an introduction by John M. Weeks. |
| 246 | 3 | _aCarnegie Maya 3 | |
| 246 | 3 | _aCarnegie Maya three | |
| 260 |
_aBoulder [Colo.] : _bUniversity Press of Colorado, _cc2011. |
||
| 300 |
_axix, 614 p. : _bill. |
||
| 504 | _aIncludes bibliographical references and index. | ||
| 533 |
_aElectronic reproduction. _bPalo Alto, Calif. : _cebrary, _d2011. _nAvailable via World Wide Web. _nAccess may be limited to ebrary affiliated libraries. |
||
| 610 | 2 | 0 |
_aCarnegie Institution of Washington. _bDept. of Archaeology _xHistory. |
| 650 | 0 |
_aMayas _zMexico _xAntiquities. |
|
| 650 | 0 |
_aMayas _zCentral America _xAntiquities. |
|
| 650 | 0 |
_aEthnological expeditions _zMexico _xHistory _y20th century. |
|
| 650 | 0 |
_aArchaeological expeditions _zCentral America _xHistory _y20th century. |
|
| 651 | 0 |
_aMexico _xAntiquities. |
|
| 651 | 0 |
_aCentral America _xAntiquities. |
|
| 655 | 7 |
_aElectronic books. _2local |
|
| 700 | 1 | _aWeeks, John M. | |
| 710 | 2 | _aebrary, Inc. | |
| 856 | 4 | 0 |
_uhttp://site.ebrary.com/lib/rucke/Doc?id=10457066 _zAn electronic book accessible through the World Wide Web; click to view |
| 999 |
_c123389 _d123389 |
||